| 000 | 00752nam a22002057a 4500 | ||
|---|---|---|---|
| 003 | NUST-PNEC | ||
| 005 | 20170116180711.0 | ||
| 008 | 141013b xxu||||| |||| 00| 0 eng d | ||
| 020 | _a0849304849 | ||
| 040 | _cPNEC | ||
| 082 | _a540.2'02 LIB | ||
| 100 |
_9557 _aLide, David R. |
||
| 245 |
_aCRC handbook of chemistry and physics : a ready-reference book of chemical and physical data. _cDavid R. Lide, Ph.D. |
||
| 250 | _a84th ed. | ||
| 260 |
_aBoca Raton. : _b CRC Press, _c©2003. |
||
| 300 |
_a1 v. (various pagings) : _bill. ; _c 26 cm. |
||
| 500 | _aIncludes Index http://www.amazon.com/CRC-Handbook-Chemistry-Physics-84th/dp/0849304849/ref=sr_1_1?s=books&ie=UTF8&qid=1413181013&sr=1-1&keywords=0849304849 | ||
| 651 | _xME | ||
| 942 |
_2ddc _cBK |
||
| 999 |
_c60984 _d60984 |
||